|
|
|
|
| LEADER |
00760cam a2200193 7i4500 |
| 001 |
0000027618 |
| 005 |
20120302090000.0 |
| 090 |
0 |
0 |
|a MAT 381.1025
|b MAL
|
| 110 |
2 |
0 |
|a Malaysia External Trade Development Corporation(MATRADE)
|
| 245 |
2 |
0 |
|a INTRADE 2011 :
|b Show directory.
|
| 260 |
0 |
0 |
|a Kuala Lumpur:
|b MATRADE,
|c 2011.
|
| 300 |
# |
# |
|a 116 p.
|
| 650 |
0 |
0 |
|a Business --
|x Directories --
|z Malaysia
|
| 650 |
0 |
0 |
|a Exhibitions --
|x Directories --
|z Malaysia
|
| 650 |
0 |
0 |
|a INTRADE --
|x Directories --
|z Malaysia
|
| 650 |
0 |
0 |
|a Trade fairs,international --
|x Directories --
|z Malaysia
|
| 651 |
0 |
0 |
|a Malaysia
|
| 999 |
|
|
|a 0000030001
|b Directories
|c MATRADEs Collection
|e Business Information Centre
|
| 999 |
|
|
|a 0000030000
|b Directories
|c MATRADEs Collection
|e Business Information Centre
|